[Event "Moscow Open F Women"]
[Site "Moscow RUS"]
[Date "2011.02.01"]
[Round "4.58"]
[White "Turygina, Irina"]
[Black "Afanasieva, Elena"]
[Result "1-0"]
[WhiteElo "1650"]
[BlackElo "1592"]
[WhiteFideId "24110973"]
[BlackFideId "4170580"]
[EventDate "2011.01.29"]

1. e4 e5 2. Nf3 Nc6 3. d4 exd4 4. Nxd4 Bc5 5. Be3 Qf6 6. c3 Nge7 7. Be2 Qg6 8.
Bf3 O-O 9. O-O d6 10. Nb5 Bh3 11. Bxc5 dxc5 12. Nxc7 Rad8 13. Qe2 Rd7 14. Nb5 a6
15. N5a3 Rfd8 16. Kh1 1-0

[Event "Moscow Open F Women"]
[Site "Moscow RUS"]
[Date "2011.02.01"]
[Round "4.59"]
[White "Cherniavskaya, Klara"]
[Black "Stanetskaya, Galina"]
[Result "0-1"]
[WhiteElo "1645"]
[BlackElo "1531"]
[WhiteFideId "4194462"]
[BlackFideId "24156957"]
[EventDate "2011.01.29"]

1. Nf3 Nf6 2. g3 Nc6 3. Bg2 e6 4. O-O d5 5. d4 Bd6 6. Bg5 h6 7. Be3 g5 8. Qd2
Ne4 9. Qd3 Nb4 10. Qb3 a5 11. c3 a4 12. Qd1 Nc6 13. a3 b5 14. Nbd2 f5 15. Ne1 g4
16. Nxe4 fxe4 17. Qd2 Qf6 18. Nc2 h5 19. Bg5 Qg7 20. Bh4 Be7 21. Nb4 Bd7 22. Qf4
Bd6 23. Qe3 Rf8 24. Nxc6 Bxc6 25. f3 Be7 26. fxe4 Bxh4 27. Rxf8+ Qxf8 28. gxh4
Qe7 29. exd5 Bxd5 30. Bxd5 exd5 31. Qf2 O-O-O 32. Qf5+ Kb7 33. Qf2 Rf8 34. Qe1
Qe3+ 35. Kh1 Rf2 36. Qg1 0-1

[Event "Moscow Open F Women"]
[Site "Moscow RUS"]
[Date "2011.02.02"]
[Round "5.1"]
[White "Turova, Irina"]
[Black "Charochkina, Daria"]
[Result "0-1"]
[WhiteTitle "IM"]
[BlackTitle "WIM"]
[WhiteElo "2434"]
[BlackElo "2314"]
[WhiteFideId "4120876"]
[BlackFideId "4180917"]
[EventDate "2011.01.29"]

1. c4 e5 2. Nc3 Nf6 3. Nf3 Nc6 4. g3 d5 5. cxd5 Nxd5 6. Bg2 Nb6 7. O-O Be7 8. a3
O-O 9. d3 Re8 10. b4 Bf8 11. Be3 Nd4 12. Bxd4 exd4 13. Nb5 g5 14. h3 Bg7 15. a4
c6 16. Na3 h6 17. Nc2 a5 18. Qd2 axb4 19. Qxb4 Nd5 20. Qc4 Nc3 21. Kh2 Nxe2 22.
Rfe1 Be6 23. Qb4 c5 24. Qxb7 Bd5 25. Qb2 Rb8 26. Qa3 Rb3 27. Qxc5 Rc3 28. Qb5
Rxc2 29. a5 Rc8 30. a6 Bc6 31. Qf5 Bd7 32. Qd5 Nc3 33. Rxe8+ Qxe8 34. Qd6 Nb5
35. Qb6 Rb8 36. Qc5 Rc8 37. Qb6 Rb8 38. Qc5 Bc6 39. Re1 Qc8 40. Rc1 Nc3 41. a7
Ra8 42. Re1 Nb5 43. Rb1 Nxa7 44. Rb6 Bxf3 0-1

[Event "Moscow Open F Women"]
[Site "Moscow RUS"]
[Date "2011.02.02"]
[Round "5.2"]
[White "Nemcova, Katerina"]
[Black "Mirzoeva, Elmira"]
[Result "0-1"]
[WhiteTitle "WGM"]
[BlackTitle "WGM"]
[WhiteElo "2289"]
[BlackElo "2216"]
[WhiteFideId "322750"]
[BlackFideId "4127951"]
[EventDate "2011.01.29"]

1. e4 c6 2. d4 d5 3. Nd2 dxe4 4. Nxe4 Bf5 5. Ng3 Bg6 6. h4 h6 7. Nf3 Nd7 8. h5
Bh7 9. Bd3 Bxd3 10. Qxd3 e6 11. Bd2 Ngf6 12. O-O-O Be7 13. Qe2 c5 14. Rhe1 O-O
15. Nf5 Re8 16. Nxe7+ Qxe7 17. g4 Nxg4 18. Rg1 f5 19. Ne5 Ngxe5 20. dxe5 Kh7 21.
Rg3 Rf8 22. Bf4 Nb6 23. Rd6 Nd5 24. Qf3 Rad8 25. c4 Nb4 26. Rg6 Qh4 27. Kb1 Nc6
28. Rdxe6 Rf7 29. Rd6 Nd4 30. Qe3 Qh1+ 31. Qc1 Qe4+ 32. Ka1 Rxd6 33. exd6 Ne2
34. d7 Rxd7 0-1

[Event "Moscow Open F Women"]
[Site "Moscow RUS"]
[Date "2011.02.02"]
[Round "5.3"]
[White "Savina, Anastasia"]
[Black "Bivol, Alina"]
[Result "1-0"]
[WhiteTitle "WGM"]
[BlackTitle "WFM"]
[WhiteElo "2397"]
[BlackElo "2114"]
[WhiteFideId "4196872"]
[BlackFideId "4100123"]
[EventDate "2011.01.29"]

1. d4 e6 2. c4 Nf6 3. Nc3 Bb4 4. Qc2 c5 5. dxc5 O-O 6. Bg5 Bxc5 7. Nf3 b6 8. e4
Be7 9. Rd1 Bb7 10. Be2 Na6 11. e5 Ne8 12. Bxe7 Qxe7 13. a3 Rc8 14. Qd2 Nb8 15.
O-O Bxf3 16. Bxf3 Rxc4 17. b4 Rh4 18. g3 Rh6 19. Bg2 f6 20. f4 Qf7 21. b5 Qe7
22. Ne4 f5 23. Nd6 Kh8 24. h4 Nxd6 25. Qxd6 Qxd6 26. Rxd6 g5 27. hxg5 Rg6 28.
Rd3 Rc8 29. Rff3 Rgg8 30. Rc3 a6 31. a4 axb5 32. axb5 Rc5 33. Rxc5 bxc5 34. Rc3
Rc8 35. b6 c4 36. Kf2 Rc5 37. Ke3 Rb5 38. b7 Nc6 39. Bxc6 dxc6 40. Rxc4 Rxb7 41.
Rxc6 Re7 42. Kd4 Kg7 43. Kc5 Kf7 44. Kd6 1-0

[Event "Moscow Open F Women"]
[Site "Moscow RUS"]
[Date "2011.02.02"]
[Round "5.4"]
[White "Gvanceladze, Anna"]
[Black "Pourkashiyan, Atousa"]
[Result "0-1"]
[WhiteTitle "WFM"]
[BlackTitle "WGM"]
[WhiteElo "2163"]
[BlackElo "2397"]
[WhiteFideId "4113721"]
[BlackFideId "12502014"]
[EventDate "2011.01.29"]

1. d4 Nf6 2. Nf3 e6 3. Bg5 h6 4. Bh4 b6 5. e3 Bb7 6. Nbd2 d6 7. h3 Nbd7 8. Be2
Be7 9. Bg3 c5 10. c3 O-O 11. O-O Re8 12. a4 Bf8 13. b4 Rc8 14. Qb3 cxb4 15. cxb4
Qc7 16. Bc4 Ne4 17. Nxe4 Bxe4 18. Ba6 Bb7 19. Bxb7 Qxb7 20. Rac1 Nf6 21. b5 Rc7
22. Qa3 Rec8 23. Nd2 Rc2 24. Nb3 Qd5 25. Rxc2 Rxc2 26. Rc1 Qc4 27. Rxc2 Qxc2 28.
d5 Qd1+ 29. Kh2 Qxd5 30. Nd4 Ne4 31. Qc1 Qc5 32. Qd1 d5 33. Qf3 Qc4 34. Be5 Qxa4
35. Qf4 Qd1 36. f3 Nd2 37. h4 Qe1 38. Nc6 Nf1+ 39. Kh3 Nxe3 40. Kh2 Qf2 0-1

[Event "Moscow Open F Women"]
[Site "Moscow RUS"]
[Date "2011.02.02"]
[Round "5.5"]
[White "Baraeva, Marina"]
[Black "Kovanova, Baira"]
[Result "1/2-1/2"]
[WhiteTitle "WFM"]
[BlackTitle "WGM"]
[WhiteElo "2152"]
[BlackElo "2391"]
[WhiteFideId "24142573"]
[BlackFideId "4164083"]
[EventDate "2011.01.29"]

1. d4 Nf6 2. c4 e6 3. g3 Bb4+ 4. Bd2 c5 5. Bg2 O-O 6. Nf3 Nc6 7. e3 d5 8. cxd5
Nxd5 9. a3 Bxd2+ 10. Qxd2 Na5 11. Qc2 cxd4 12. Nxd4 e5 13. Ne2 Be6 14. O-O Qb6
15. b4 Nc6 16. Nbc3 Nxc3 17. Nxc3 Rac8 18. Rac1 a5 19. Na4 Qb5 20. Nc5 Nxb4 21.
axb4 b6 22. Qd2 bxc5 23. bxa5 Rfd8 24. Qc3 c4 25. Rb1 Qc5 26. a6 f6 27. Rfd1 Bd5
28. Bxd5+ Rxd5 29. Rxd5 Qxd5 1/2-1/2

[Event "Moscow Open F Women"]
[Site "Moscow RUS"]
[Date "2011.02.02"]
[Round "5.9"]
[White "Suslova, Alena"]
[Black "Daulyte, Deimante"]
[Result "1/2-1/2"]
[WhiteTitle "WFM"]
[BlackTitle "WGM"]
[WhiteElo "2180"]
[BlackElo "2293"]
[WhiteFideId "24111643"]
[BlackFideId "12802859"]
[EventDate "2011.01.29"]

1. c4 Nf6 2. Nc3 g6 3. e4 d6 4. g3 c5 5. Bg2 Bg7 6. Nge2 Nc6 7. O-O O-O 8. d3 a6
9. h3 Ne8 10. Be3 Nd4 11. Rb1 Nc7 12. b4 Rb8 13. a4 Nce6 14. b5 axb5 15. axb5
Ra8 16. f4 f5 17. exf5 Nxf5 18. Bf2 Kh8 19. Ra1 Rxa1 20. Qxa1 Ned4 21. Qa8 Nxe2+
22. Nxe2 Qc7 23. Qa7 e6 24. Rc1 Qf7 25. d4 cxd4 26. Nxd4 Nxd4 27. Bxd4 e5 28.
fxe5 dxe5 29. Bc5 Re8 30. Be3 e4 31. Qc5 Qf5 32. g4 Qxc5 33. Bxc5 h5 34. Re1
hxg4 35. hxg4 Bxg4 36. Rxe4 Rxe4 37. Bxe4 Be6 38. Bd5 Bxd5 39. cxd5 Bf6 40. Bb6
Be5 41. Kf2 Kg8 42. Kf3 Kf7 1/2-1/2

[Event "Moscow Open F Women"]
[Site "Moscow RUS"]
[Date "2011.02.02"]
[Round "5.10"]
[White "Ghader Pour, Shayesteh"]
[Black "Semenova, Elena"]
[Result "1-0"]
[WhiteTitle "WIM"]
[BlackTitle "WFM"]
[WhiteElo "2212"]
[BlackElo "2139"]
[WhiteFideId "12500747"]
[BlackFideId "24125148"]
[EventDate "2011.01.29"]

1. e4 e5 2. Nf3 Nc6 3. Bb5 a6 4. Ba4 Nf6 5. O-O Be7 6. Re1 b5 7. Bb3 d6 8. c3
O-O 9. h3 Nb8 10. d4 Nbd7 11. Nbd2 Bb7 12. Bc2 Re8 13. Nf1 Bf8 14. Ng3 g6 15. b3
Bg7 16. d5 Nb6 17. Rb1 c6 18. c4 cxd5 19. cxd5 b4 20. Bd3 Nbd7 21. a3 bxa3 22.
Bxa3 Bf8 23. b4 Rb8 24. Qd2 Qb6 25. Bc2 Qb5 26. Ne2 Rec8 27. Bd3 Qb6 28. Nc1 Nh5
29. Nb3 Nf4 30. Bf1 Bh6 31. Qd1 f5 32. Nfd2 fxe4 33. Nc4 Rxc4 34. Bxc4 Nf6 35.
Nc5 Bxd5 36. Bxd5+ N4xd5 37. Nd7 Nxd7 38. Qxd5+ Kh8 39. b5 e3 40. f3 Bf8 41. Qc6
Nf6 42. Qxb6 Rxb6 43. bxa6 Rxa6 44. Rxe3 Nd5 45. Reb3 Nf4 46. Kf2 Kg7 47. Rc1
Ne6 48. Rb7+ Kf6 49. Rc3 h5 50. h4 Be7 51. Bc1 Bd8 52. Rc8 Ra2+ 53. Kg3 Ba5 54.
Rc6 Ra4 55. Kh3 Rd4 56. g3 Rd1 57. Bh6 Rd3 58. Ra6 Bd2 59. Bxd2 Rxd2 60. Rd7 e4
61. fxe4 g5 62. e5+ Kg6 63. g4 Nf4+ 64. Kg3 Rg2+ 65. Kf3 hxg4+ 66. Ke3 Kf5 67.
exd6 Nd5+ 68. Kd4 Rd2+ 69. Kc4 Ke6 70. Rg7 Rc2+ 71. Kb3 1-0

[Event "Moscow Open F Women"]
[Site "Moscow RUS"]
[Date "2011.02.02"]
[Round "5.12"]
[White "Shaydullina, Sandugach"]
[Black "Zizlova, Sofia"]
[Result "0-1"]
[WhiteTitle "WGM"]
[WhiteElo "2207"]
[BlackElo "2085"]
[WhiteFideId "4140389"]
[BlackFideId "4123476"]
[EventDate "2011.01.29"]

1. d4 Nf6 2. Nf3 c5 3. d5 e6 4. Nc3 exd5 5. Nxd5 Nxd5 6. Qxd5 Nc6 7. Ng5 Qf6 8.
c3 h6 9. h4 Be7 10. Be3 d6 11. O-O-O Qg6 12. h5 Qf5 13. Qxf5 Bxf5 14. g4 Bxg4
15. Ne4 Rd8 16. f3 Bf5 17. Rg1 Bxe4 18. fxe4 Bf6 19. Bf4 Ne5 20. e3 Ke7 21. Be2
Nc6 22. Rd5 Rhg8 23. Bd1 Be5 24. Bb3 g5 25. hxg6 Bxf4 26. exf4 Rxg6 27. Rgd1 Rf6
28. f5 h5 29. Rh1 Rh8 30. Rh4 Ne5 31. Bd1 Rfh6 32. b3 Nd7 33. Bf3 Rg8 34. f6+
Nxf6 35. Rf5 Ke6 36. b4 cxb4 37. cxb4 b6 38. Bd1 Nxe4 39. Rfxh5 Rxh5 40. Rxh5
Rg1 41. Kc2 Nf6 42. Rh8 Nd5 43. Bh5 Nxb4+ 44. Kb2 Rg5 45. Re8+ Kd7 46. Rh8 f5
47. Rh7+ Ke6 48. Bd1 a5 49. a3 Nd3+ 50. Kc3 Nc5 51. Kc4 Rg1 52. Bf3 Rg3 53. Bd5+
Kf6 54. Rf7+ Kg6 55. Rf8 Rxa3 56. Rd8 Ra4+ 57. Kb5 Rb4+ 58. Kc6 Ne4 59. Rf8 Kg5
60. Be6 f4 61. Rf5+ Kg4 62. Rxa5+ Kg3 63. Ra8 f3 64. Rg8+ Kh2 65. Rh8+ Kg2 66.
Rg8+ Kf1 67. Bh3+ Ke1 68. Rg1+ Kd2 69. Kd5 f2 70. Ra1 Nc3+ 71. Kxd6 Rb1 72. Ra6
Ke1 73. Kc6 b5 74. Kc5 f1=Q 75. Bxf1 Kxf1 76. Kd4 Ne2+ 77. Kd3 Rb3+ 78. Kd2 Rf3
79. Ra1+ Kf2 80. Rb1 Rf5 81. Rb4 Rd5+ 82. Kc2 Ke3 83. Rh4 Nd4+ 84. Kb2 Kd3 85.
Ka3 Kc4 86. Rh8 Rg5 87. Rc8+ Rc5 88. Rb8 Kc3 89. Ka2 b4 90. Rh8 b3+ 91. Kb1 Nf3
92. Rh3 Rf5 93. Rg3 Rf4 94. Rh3 Kb4 95. Kb2 Nd2 96. Rh1 Nc4+ 97. Kb1 Rf1+ 98.
Rxf1 Nd2+ 99. Kb2 Nxf1 100. Kb1 Kc3 101. Ka1 b2+ 0-1

[Event "Moscow Open F Women"]
[Site "Moscow RUS"]
[Date "2011.02.02"]
[Round "5.14"]
[White "Pershina, Elena"]
[Black "Berdychevaskaya, Natasha"]
[Result "0-1"]
[BlackTitle "WFM"]
[WhiteElo "2053"]
[BlackElo "2193"]
[WhiteFideId "24147516"]
[BlackFideId "4159322"]
[EventDate "2011.01.29"]

1. c4 e5 2. Nf3 Nc6 3. Nc3 Nf6 4. g3 d5 5. cxd5 Nxd5 6. Bg2 Be6 7. O-O Nb6 8. d3
Be7 9. Be3 O-O 10. Rc1 Nd5 11. Nxd5 Bxd5 12. Qa4 f6 13. a3 a6 14. h4 Qd7 15. Kh2
Rad8 16. Bh3 f5 17. Nd2 Qe8 18. Bc5 f4 19. Bxe7 Qxe7 20. Ne4 Nd4 21. Nc3 Bb3 22.
Qb4 c5 23. Qa5 c4 24. Nd5 Qf7 25. Nc7 cxd3 26. exd3 Nf3+ 27. Kg2 Rxd3 28. Rc3
Rxc3 29. Qxc3 Nd4 30. Kh2 Bc4 31. Rc1 fxg3+ 32. fxg3 b5 0-1

[Event "Moscow Open F Women"]
[Site "Moscow RUS"]
[Date "2011.02.02"]
[Round "5.15"]
[White "Rodionova, Daria"]
[Black "Bezgodova, Maria"]
[Result "0-1"]
[BlackTitle "WFM"]
[WhiteElo "1856"]
[BlackElo "2190"]
[WhiteFideId "24136638"]
[BlackFideId "24111260"]
[EventDate "2011.01.29"]

1. e4 e5 2. d4 exd4 3. Qxd4 Nc6 4. Qe3 Nf6 5. Nc3 Bb4 6. Bd2 O-O 7. O-O-O Re8 8.
f3 d5 9. Qf2 dxe4 10. Bg5 Bd6 11. Qh4 h6 12. Bxf6 Qxf6 13. Qxf6 gxf6 14. Nxe4
Be7 15. Bb5 Be6 16. Ne2 Rad8 17. Bxc6 bxc6 18. Nd4 f5 19. Ng3 Bxa2 20. c3 c5 21.
Nc6 Bg5+ 22. Kc2 Rxd1 23. Rxd1 c4 24. Nd4 c5 25. Ra1 cxd4 26. Rxa2 d3+ 27. Kd1
Re7 28. Ra4 Rb7 29. Rb4 Rc7 30. Nxf5 a5 31. Ra4 Rb7 32. g3 Rxb2 33. f4 Bf6 34.
Rxc4 a4 35. Nd4 a3 36. Ra4 a2 0-1

[Event "Moscow Open F Women"]
[Site "Moscow RUS"]
[Date "2011.02.02"]
[Round "5.16"]
[White "Tsepennikova, Tatyana"]
[Black "Romanko, Marina"]
[Result "1/2-1/2"]
[WhiteTitle "WFM"]
[BlackTitle "IM"]
[WhiteElo "2104"]
[BlackElo "2404"]
[WhiteFideId "4153901"]
[BlackFideId "4149351"]
[EventDate "2011.01.29"]

1. d4 d5 2. Nf3 Nf6 3. Bf4 e6 4. h3 Be7 5. e3 O-O 6. Bd3 c5 7. c3 Nc6 8. Nbd2 b6
9. Ne5 Bb7 10. Ndf3 cxd4 11. exd4 Na5 12. Qc2 h6 13. g4 Ne4 14. h4 Qe8 15. h5
Qd8 16. Qc1 Nc4 17. Bxe4 dxe4 18. Nxc4 exf3 19. Ne5 f6 20. Ng6 Rf7 21. Qe3 e5
22. dxe5 Bc5 23. Qd2 Rd7 24. Qc2 fxe5 25. Bxe5 Qg5 26. Qb3+ Bd5 27. Qa4 Re7 28.
Nxe7+ Qxe7 29. O-O-O Qxe5 30. Rhe1 Qg5+ 31. Kb1 Bf7 32. Qe4 Rf8 33. Rd7 b5 34.
Red1 Bxf2 35. R7d3 Bb6 36. Rxf3 Re8 37. Qb7 Be6 38. Qc6 Qe7 39. Rf4 Bc4 40. b3
Be2 41. Rd7 Bd3+ 42. Kb2 Qe2+ 43. Ka3 Bb1 1/2-1/2

[Event "Moscow Open F Women"]
[Site "Moscow RUS"]
[Date "2011.02.02"]
[Round "5.17"]
[White "Stepovaia, Tatiana"]
[Black "Markelova, Lubov"]
[Result "1-0"]
[WhiteTitle "WGM"]
[WhiteElo "2389"]
[BlackElo "2076"]
[WhiteFideId "4106970"]
[BlackFideId "24131369"]
[EventDate "2011.01.29"]

1. e4 c5 2. Nc3 Nc6 3. g3 g6 4. d3 Bg7 5. Be3 Qa5 6. Qd2 Nd4 7. Bg2 e6 8. f4 d6
9. Nf3 Ne7 10. O-O Nec6 11. Nh4 f5 12. a3 O-O 13. Rae1 Rb8 14. Qf2 b5 15. exf5
gxf5 16. Nd1 Bd7 17. c3 Nb3 18. Qc2 Qa4 19. Bf2 Ne7 20. Ne3 Kh8 21. Nf3 Na5 22.
Qe2 h6 23. d4 Nb3 24. Nc2 Qc4 25. dxc5 Nxc5 26. Nd2 Qxe2 27. Rxe2 a5 28. Bd4 Nd3
29. Nf3 Nxb2 30. Bxg7+ Kxg7 31. Ncd4 Nc4 32. Nxe6+ Bxe6 33. Rxe6 Nd5 34. Nd4
Nde3 35. Re1 Nxg2 36. Kxg2 Nxa3 37. Rxd6 Rf6 38. Re7+ Kg6 39. Rdd7 a4 40. Kh3
Rg8 41. Kh4 Rb6 42. Re5 Rf8 43. Ra7 Rff6 44. Ree7 Rf8 45. Rg7+ Kf6 46. Kh5 1-0

[Event "Moscow Open F Women"]
[Site "Moscow RUS"]
[Date "2011.02.02"]
[Round "5.18"]
[White "Levushkina, Elena"]
[Black "Severina, Maria"]
[Result "1/2-1/2"]
[WhiteTitle "WGM"]
[WhiteElo "2318"]
[BlackElo "2032"]
[WhiteFideId "14200686"]
[BlackFideId "4116909"]
[EventDate "2011.01.29"]

1. e4 e5 2. Nf3 Nc6 3. d4 exd4 4. Nxd4 Bc5 5. Nxc6 bxc6 6. Bc4 Qh4 7. O-O Nf6 8.
g3 Qh3 9. Qf3 O-O 10. Nc3 d5 11. exd5 Bg4 12. Qg2 Qh5 13. h4 Bf3 14. Qh3 cxd5
15. Bd3 Bg4 16. Qg2 Bf3 17. Qh3 Bg4 18. Qh2 Nd7 19. Bf4 Ne5 20. Bxe5 Qxe5 21.
Rfe1 Qd6 22. Be2 Bf5 23. Bd3 Bxd3 24. cxd3 Rab8 25. Re2 Bd4 26. Rc1 f5 27. Qh3
h5 28. Kg2 f4 29. f3 Rf6 30. Rce1 fxg3 31. Re8+ Rxe8 32. Rxe8+ Kf7 33. Qc8 Bxc3
34. bxc3 Kg6 35. Re2 Qf4 36. Qe8+ Kh6 37. Qh8+ Kg6 38. Qe8+ Rf7 39. Qe6+ Kh7 40.
Qe5 Qxh4 41. Qxg3 Qxg3+ 42. Kxg3 Kg6 43. Re5 Rf5 44. Re7 Rf7 45. Re5 Rf5 1/2-1/2

[Event "Moscow Open F Women"]
[Site "Moscow RUS"]
[Date "2011.02.02"]
[Round "5.20"]
[White "Baraeva, Irina"]
[Black "Avdeyeva, Viktoriya"]
[Result "1/2-1/2"]
[WhiteTitle "WFM"]
[WhiteElo "2201"]
[BlackElo "2020"]
[WhiteFideId "24142565"]
[BlackFideId "13403389"]
[EventDate "2011.01.29"]

1. d4 d5 2. Nf3 Nc6 3. c4 e5 4. cxd5 Qxd5 5. Nc3 Bb4 6. e3 exd4 7. Nxd4 Nge7 8.
Bd2 Bxc3 9. Bxc3 Nxd4 10. Qxd4 Qxd4 11. Bxd4 O-O 12. Be2 Nf5 13. Bc3 Be6 14. O-O
Rfd8 15. b3 a5 16. Bf3 c6 17. Rfd1 Rxd1+ 18. Rxd1 h6 19. Bg4 Nxe3 20. fxe3 Bxg4
21. Rd4 Be6 22. Ra4 b5 23. Rxa5 Rxa5 24. Bxa5 f5 25. Kf2 Kf7 26. Kf3 Bd5+ 27.
Kf4 Ke6 28. g4 g5+ 29. Kg3 Be4 30. Bc3 Bc2 31. b4 Bd1 32. h3 h5 33. gxf5+ Kxf5
34. Bd4 1/2-1/2

[Event "Moscow Open F Women"]
[Site "Moscow RUS"]
[Date "2011.02.02"]
[Round "5.21"]
[White "Makarenko, Alexandra"]
[Black "Travkina, Anastasia"]
[Result "1/2-1/2"]
[BlackTitle "WFM"]
[WhiteElo "1931"]
[BlackElo "2189"]
[WhiteFideId "4165055"]
[BlackFideId "24129151"]
[EventDate "2011.01.29"]

1. e4 c5 2. Nf3 d6 3. d4 cxd4 4. Nxd4 Nf6 5. Nc3 g6 6. Be3 Bg7 7. f3 O-O 8. Qd2
Nc6 9. O-O-O d5 10. exd5 Nxd5 11. Nxc6 bxc6 12. Bd4 Nxc3 13. Qxc3 Bh6+ 14. Be3
Bxe3+ 15. Qxe3 Qb6 16. Qxe7 Be6 17. Qa3 Rfd8 18. Bd3 Rd5 19. b3 Rad8 20. Rde1
Qc7 21. g3 Ra5 22. Qb2 c5 23. Re4 Bd5 24. Re3 c4 25. Bxc4 Bxc4 26. bxc4 Qxc4 27.
Rhe1 Qc6 28. f4 Rc8 29. Re5 Ra4 30. Qb3 Kg7 31. Rc5 Qxc5 32. Qxa4 Qc3 33. Re8
Rc4 34. Qb3 Qa1+ 35. Qb1 Qd4 36. Qb2 Rc3 37. Re4 Qxe4 38. Qxc3+ Kh6 39. Qd2 Qh1+
40. Kb2 Qb7+ 41. Kc3 Qc6+ 42. Kb3 Qb5+ 43. Qb4 Qd7 44. a4 Qd5+ 45. Qc4 Qb7+ 46.
Qb5 Qf3+ 47. Kb2 Qf2 48. Qg5+ Kg7 49. Qe5+ Kg8 50. a5 h5 51. f5 gxf5 52. h4 Qd2
53. Kb3 Qd7 54. c4 Qb7+ 55. Kc3 Qd7 56. Kb4 Qb7+ 57. Kc5 Qc8+ 58. Kd4 Qd8+ 59.
Ke3 Qc8 60. c5 Qd7 61. Qd6 Qe8+ 62. Kf4 Qe4+ 63. Kg5 Qg4+ 64. Kf6 f4 65. gxf4
Qxh4+ 66. Ke5 Qe1+ 1/2-1/2

[Event "Moscow Open F Women"]
[Site "Moscow RUS"]
[Date "2011.02.02"]
[Round "5.23"]
[White "Sviridova, Vlada"]
[Black "Bezgodova, Svetlana"]
[Result "1/2-1/2"]
[WhiteElo "2052"]
[BlackElo "2195"]
[WhiteFideId "24109606"]
[BlackFideId "4110650"]
[EventDate "2011.01.29"]

1. c4 e5 2. Nc3 Nf6 3. Nf3 d6 4. d4 Nbd7 5. e4 Be7 6. Be2 O-O 7. O-O c6 8. h3 a6
9. a4 a5 10. Be3 exd4 11. Nxd4 Nc5 12. Qc2 Re8 13. Rad1 Qb6 14. Nf5 Bxf5 15.
exf5 Qb3 16. Qxb3 Nxb3 17. g4 Bf8 18. Bf3 h6 19. Kg2 Nd7 20. h4 Nbc5 21. g5 Re5
22. Bg4 Nb6 23. Bd4 Nxc4 24. Bxe5 dxe5 25. Be2 Nd6 26. Bg4 h5 27. Rxd6 Bxd6 28.
Bxh5 e4 29. Rd1 Be5 30. Nxe4 Nxe4 31. Re1 Bxb2 32. Rxe4 b5 33. Re2 Bc3 34. g6
fxg6 35. fxg6 bxa4 36. Bf3 a3 37. Bxc6 Rd8 38. Bd5+ Kf8 39. Bf7 Bf6 40. h5 Be7
41. f4 Rb8 42. Kf3 Rb2 43. Rxb2 axb2 44. Ba2 Bf6 45. Ke4 Ke7 46. Kf5 a4 47. Bb1
Bc3 48. Ba2 Kd6 49. Kg5 Bf6+ 50. Kf5 Bd4 51. Kg5 Kc5 52. h6 gxh6+ 53. Kxh6 Kb4
54. g7 Bxg7+ 55. Kxg7 Ka3 56. Bb1 Kb3 57. f5 a3 58. f6 a2 59. Bxa2+ Kxa2 60. f7
b1=Q 1/2-1/2

[Event "Moscow Open F Women"]
[Site "Moscow RUS"]
[Date "2011.02.02"]
[Round "5.25"]
[White "Butuc, Maria"]
[Black "Achinova, Giliana"]
[Result "1-0"]
[WhiteTitle "WIM"]
[WhiteElo "2188"]
[BlackElo "1936"]
[WhiteFideId "13902911"]
[BlackFideId "4102428"]
[EventDate "2011.01.29"]

1. Nf3 g6 2. e4 Bg7 3. d4 d6 4. c3 Nd7 5. Bd3 e5 6. O-O Ne7 7. Re1 O-O 8. Nbd2
exd4 9. cxd4 d5 10. Qb3 Nb6 11. e5 a5 12. Nf1 h6 13. h3 Be6 14. Qc3 Qd7 15. b3
Rfc8 16. Ba3 Qd8 17. Qd2 Nf5 18. Rec1 a4 19. Ne3 Nh4 20. Qe2 Nxf3+ 21. Qxf3 axb3
22. axb3 Nd7 23. b4 c6 24. Bb2 Rxa1 25. Rxa1 Ra8 26. Qd1 Bf8 27. Rxa8 Qxa8 28.
Qb1 Kg7 29. Bc3 Qa3 30. Bd2 Nb6 31. b5 c5 32. dxc5 Qxc5 33. Ng4 Bxg4 34. hxg4 d4
35. e6 fxe6 36. Bxg6 e5 37. Qf5 Qe7 38. g5 Nd7 39. Bb4 1-0

[Event "Moscow Open F Women"]
[Site "Moscow RUS"]
[Date "2011.02.02"]
[Round "5.27"]
[White "Anu, Bayar"]
[Black "Schepetkova, Margarita"]
[Result "0-1"]
[WhiteElo "1957"]
[BlackElo "2148"]
[WhiteFideId "4901339"]
[BlackFideId "4189949"]
[EventDate "2011.01.29"]

1. d4 Nf6 2. c4 g6 3. Nc3 Bg7 4. e4 d6 5. Bd3 O-O 6. Nge2 c5 7. d5 e6 8. O-O
exd5 9. exd5 Nbd7 10. f4 a6 11. a4 Re8 12. Ng3 b6 13. h3 Ra7 14. Qf3 Kh8 15. Kh1
Nf8 16. Bd2 h6 17. Nge2 Rae7 18. g4 N6d7 19. Ng3 Bd4 20. Nce4 Nf6 21. f5 g5 22.
Nxf6 Bxf6 23. Nh5 Bd4 24. f6 Re3 25. Bxe3 Rxe3 26. Qd1 Rxh3+ 27. Kg2 Rh4 28. Qe2
Be5 29. Ng3 Bxg4 30. Rf3 Bxf3+ 31. Qxf3 Nd7 32. Qf5 Nxf6 33. Ne4 Rg4+ 34. Kh1
Rf4 35. Nxg5 hxg5 36. Qxg5 Qd7 37. Kh2 Rg4+ 38. Kh1 Rxg5 0-1

[Event "Moscow Open F Women"]
[Site "Moscow RUS"]
[Date "2011.02.02"]
[Round "5.28"]
[White "Yakupova, Aysyla"]
[Black "Kostitsina, Liubov"]
[Result "0-1"]
[WhiteElo "2132"]
[BlackElo "1930"]
[WhiteFideId "4197569"]
[BlackFideId "24117110"]
[EventDate "2011.01.29"]

1. c4 e5 2. Nc3 Nc6 3. g3 g6 4. Bg2 Bg7 5. e3 d6 6. Nge2 Nh6 7. O-O O-O 8. d3
Be6 9. Rb1 Qd7 10. Re1 f5 11. Qc2 g5 12. f4 gxf4 13. gxf4 Ng4 14. Nd5 Nd8 15. h3
Nf6 16. Nxf6+ Bxf6 17. Nc3 Kh8 18. Kh1 Rg8 19. Qf2 c6 20. Bd2 Qe7 21. Rg1 Bh4
22. Qe2 Bf7 23. Qf1 Ne6 24. fxe5 dxe5 25. Qxf5 Ng7 26. Qf1 Raf8 27. Qd1 Bh5 28.
Qc2 Nf5 29. Ne4 Ng3+ 30. Nxg3 Bxg3 31. Be1 Qh4 32. Qc3 Rf5 33. e4 Bf3 34. exf5
Qxh3# 0-1

[Event "Moscow Open F Women"]
[Site "Moscow RUS"]
[Date "2011.02.02"]
[Round "5.29"]
[White "Skakun, Valentina"]
[Black "Krasenkova, Ilena"]
[Result "0-1"]
[BlackTitle "WIM"]
[WhiteElo "1925"]
[BlackElo "2121"]
[WhiteFideId "24133469"]
[BlackFideId "4119037"]
[EventDate "2011.01.29"]

1. d4 d5 2. c4 dxc4 3. Nf3 b5 4. a4 c6 5. e3 e6 6. axb5 cxb5 7. b3 a5 8. bxc4 b4
9. Bd3 Nf6 10. O-O Be7 11. e4 Bb7 12. e5 Nfd7 13. Bb2 Nb6 14. Nbd2 Bc6 15. Be4
Bxe4 16. Nxe4 Nxc4 17. Qc2 Nxb2 18. Qxb2 O-O 19. Rfc1 Na6 20. Qe2 Nc7 21. Ra4
Nd5 22. Qb5 Qb6 23. Qd3 Rfc8 24. Rca1 h6 25. Nfd2 Nc3 26. Nxc3 Rxc3 27. Qe4 Ra7
28. h3 Qb5 29. Qf4 Bg5 0-1